[Event "Cheliabinsk Region Club-ch qf"]
[Site "Cheliabinsk"]
[Date "2011.01.26"]
[Round "6"]
[White "Znamensky, Nikolai"]
[Black "Popov, Sergei"]
[Result "1/2-1/2"]
[WhiteElo "1764"]
[BlackElo "1919"]
[PlyCount "79"]
[EventDate "2011.01.21"]
[EventType "swiss"]
[EventRounds "9"]
[EventCountry "RUS"]
[SourceTitle "EXT 2022"]
[Source "ChessBase"]
[SourceDate "2021.10.06"]
[SourceVersion "1"]
[SourceVersionDate "2021.10.06"]
[SourceQuality "1"]

1. d4 Nf6 2. c4 e6 3. Nf3 b6 4. a3 Bb7 5. Nc3 Be7 6. d5 d6 7. e4 e5 8. Be2 0-0 9. 0-0 Nbd7 10. b4 c6 11. Nd2 cxd5 12. Nxd5 Nxd5 13. exd5 f5 14. Nb3 f4 15. Bb2 Rc8 16. Rc1 Bg5 17. Rc2 Rf6 18. Re1 Rh6 19. Bg4 Rc7 20. c5 bxc5 21. bxc5 Nxc5 22. Nxc5 Rxc5 23. Rxc5 dxc5 24. Be6+ Kh8 25. Bxe5 Bc8 26. Bxc8 Qxc8 27. d6 Qd7 28. Qd5 Rg6 29. Qa8+ Bd8 30. Bxf4 h5 31. Qe4 Kh7 32. Qd5 Qg4 33. g3 Qxf4 34. Qxh5+ Qh6 35. Qxc5 Rxd6 36. Re5 Qg6 37. Rh5+ Kg8 38. Qc4+ Qe6 39. Qc2 Qg6 40. Qc4+ 1/2-1/2

[Event "Cheliabinsk Region Club-ch qf"]
[Site "Cheliabinsk"]
[Date "2011.01.25"]
[Round "5"]
[White "Popov, Sergei"]
[Black "Korostin, Alexander"]
[Result "1-0"]
[WhiteElo "1919"]
[BlackElo "1686"]
[PlyCount "63"]
[EventDate "2011.01.21"]
[EventType "swiss"]
[EventRounds "9"]
[EventCountry "RUS"]
[SourceTitle "EXT 2022"]
[Source "ChessBase"]
[SourceDate "2021.10.06"]
[SourceVersion "1"]
[SourceVersionDate "2021.10.06"]
[SourceQuality "1"]

1. d4 Nf6 2. c4 g6 3. Nc3 Bg7 4. e4 d6 5. Be2 0-0 6. h4 Nc6 7. Be3 Nd7 8. h5 e5 9. d5 Nd4 10. hxg6 fxg6 11. Nh3 Nc5 12. b4 Bxh3 13. Rxh3 Na6 14. a3 c6 15. Qd2 Nb3 16. Qb2 Nxa1 17. Qxa1 Nc7 18. Kd2 Bf6 19. Qh1 Rf7 20. Rg3 Qe7 21. Kc2 cxd5 22. Nxd5 Nxd5 23. exd5 e4 24. Bg4 Qe5 25. Bc1 Kg7 26. Be6 Re7 27. Rxg6+ Kh8 28. Rxf6 Qxf6 29. Bb2 Qxb2+ 30. Kxb2 a5 31. Qh4 Rg7 32. Qxe4 1-0

[Event "Cheliabinsk Region Club-ch qf"]
[Site "Cheliabinsk"]
[Date "2011.01.24"]
[Round "4"]
[White "Matiushinsky, Dmitry"]
[Black "Popov, Sergei"]
[Result "1-0"]
[WhiteElo "1838"]
[BlackElo "1919"]
[PlyCount "75"]
[EventDate "2011.01.21"]
[EventType "swiss"]
[EventRounds "9"]
[EventCountry "RUS"]
[SourceTitle "EXT 2022"]
[Source "ChessBase"]
[SourceDate "2021.10.06"]
[SourceVersion "1"]
[SourceVersionDate "2021.10.06"]
[SourceQuality "1"]

1. e4 e6 2. d4 d5 3. e5 f5 4. Nf3 c5 5. c4 cxd4 6. cxd5 Qxd5 7. Qxd4 Nc6 8. Qxd5 exd5 9. Bd2 Bb4 10. Nc3 Nge7 11. a3 Bxc3 12. Bxc3 h6 13. 0-0-0 Be6 14. Bb5 a6 15. Nd4 Kf7 16. Nxe6 Kxe6 17. Ba4 b5 18. Bb3 a5 19. f4 Rac8 20. Kb1 b4 21. axb4 Nxb4 22. Bxb4 axb4 23. Rc1 Rxc1+ 24. Rxc1 Rc8 25. Rxc8 Nxc8 26. Kc2 g5 27. g3 Ne7 28. Kd3 gxf4 29. gxf4 Kd7 30. Ba4+ Kc7 31. Kd4 Ng6 32. Ke3 Kb6 33. Be8 d4+ 34. Kxd4 Nxf4 35. Bd7 Ne2+ 36. Ke3 Nc1 37. Bxf5 Nb3 38. e6 1-0

[Event "Cheliabinsk Region Club-ch qf"]
[Site "Cheliabinsk"]
[Date "2011.01.22"]
[Round "2"]
[White "Nelyubina, Nadezhda"]
[Black "Popov, Sergei"]
[Result "0-1"]
[WhiteElo "1634"]
[BlackElo "1919"]
[PlyCount "48"]
[EventDate "2011.01.21"]
[EventType "swiss"]
[EventRounds "9"]
[EventCountry "RUS"]
[SourceTitle "EXT 2022"]
[Source "ChessBase"]
[SourceDate "2021.10.06"]
[SourceVersion "1"]
[SourceVersionDate "2021.10.06"]
[SourceQuality "1"]

1. d4 Nf6 2. Nf3 d5 3. c4 c6 4. Nc3 Bf5 5. Qb3 Qb6 6. cxd5 Qxb3 7. axb3 cxd5 8. Nxd5 Nxd5 9. Bd2 e6 10. Bc3 Nc6 11. Nd2 Bg6 12. e4 Nxc3 13. bxc3 Rd8 14. Bb5 Be7 15. 0-0 0-0 16. Bxc6 bxc6 17. Rxa7 Bd6 18. Nc4 Bxe4 19. Nxd6 Rxd6 20. Re1 Bc2 21. b4 Bd3 22. Re5 Rd5 23. f3 Rxe5 24. dxe5 f6 0-1

[Event "Cheliabinsk Region Club-ch qf"]
[Site "Cheliabinsk"]
[Date "2011.01.21"]
[Round "1"]
[White "Popov, Sergei"]
[Black "Gerbasiy, Valery"]
[Result "1-0"]
[WhiteElo "1919"]
[BlackElo "1636"]
[PlyCount "37"]
[EventDate "2011.01.21"]
[EventType "swiss"]
[EventRounds "9"]
[EventCountry "RUS"]
[SourceTitle "EXT 2022"]
[Source "ChessBase"]
[SourceDate "2021.10.06"]
[SourceVersion "1"]
[SourceVersionDate "2021.10.06"]
[SourceQuality "1"]

1. e4 e5 2. Nf3 Nc6 3. d4 exd4 4. Nxd4 Bc5 5. Be3 Bb6 6. Nxc6 bxc6 7. Bxb6 axb6 8. Bd3 Ne7 9. 0-0 Ng6 10. f4 Ba6 11. c4 0-0 12. Nc3 d6 13. Qh5 Qh4 14. Qxh4 Nxh4 15. f5 Bc8 16. g3 Nxf5 17. exf5 Re8 18. Rfe1 Bb7 19. Kf2 1-0

[Event "Cheliabinsk Kibizov Memorial 5th"]
[Site "Cheliabinsk"]
[Date "2010.06.26"]
[Round "3"]
[White "Krotiuk, Daria"]
[Black "Popov, Sergei"]
[Result "1-0"]
[WhiteElo "1808"]
[BlackElo "1921"]
[PlyCount "81"]
[EventDate "2010.06.24"]
[EventType "swiss"]
[EventRounds "9"]
[EventCountry "RUS"]
[SourceTitle "EXT 2012"]
[Source "ChessBase"]
[SourceDate "2011.11.24"]
[SourceVersion "1"]
[SourceVersionDate "2011.11.24"]
[SourceQuality "1"]

1. e4 c5 2. Nf3 d6 3. d4 cxd4 4. Nxd4 Nf6 5. f3 e5 6. Nb5 a6 7. N5c3 Be6 8. Bg5 h6 9. Bxf6 Qxf6 10. Nd5 Qd8 11. Na3 Nd7 12. Nc4 b5 13. Nce3 Nb6 14. Be2 Nxd5 15. Nxd5 Qc8 16. Nb6 Qc5 17. Nxa8 Be7 18. Nc7+ Qxc7 19. 0-0 Qc5+ 20. Kh1 0-0 21. a4 f5 22. exf5 Rxf5 23. axb5 axb5 24. Ra8+ Bf8 25. Bd3 Rf4 26. Qe2 b4 27. Qf2 Qxf2 28. Rxf2 Kf7 29. Ra7+ Kf6 30. Ra8 Be7 31. Be4 d5 32. g3 dxe4 33. gxf4 e3 34. fxe5+ Kxe5 35. Re2 Bg5 36. Rb8 b3 37. c3 Bc4 38. Re1 e2 39. Re8+ Kf5 40. R1xe2 Bxe2 41. Rxe2 1-0

[Event "Cheliabinsk Region-ch"]
[Site "Cheliabinsk"]
[Date "2010.03.27"]
[Round "1"]
[White "Zangirov, Yan"]
[Black "Popov, Sergei"]
[Result "1-0"]
[WhiteElo "2174"]
[BlackElo "1942"]
[PlyCount "81"]
[EventDate "2010.03.27"]
[EventType "swiss"]
[EventRounds "9"]
[EventCountry "RUS"]
[SourceTitle "EXT 2012"]
[Source "ChessBase"]
[SourceDate "2011.11.24"]
[SourceVersion "1"]
[SourceVersionDate "2011.11.24"]
[SourceQuality "1"]

1. Nf3 Nf6 2. g3 b6 3. Bg2 Bb7 4. d4 e6 5. 0-0 Be7 6. c4 0-0 7. Nc3 d6 8. Re1 Ne4 9. Qc2 Nxc3 10. bxc3 f5 11. Qb3 Nd7 12. Ng5 Bxg5 13. Bxb7 Rb8 14. Bc6 Bxc1 15. Raxc1 Nf6 16. c5 d5 17. Qa3 bxc5 18. Qxc5 Qd6 19. Qxd6 cxd6 20. c4 dxc4 21. Rxc4 Rb6 22. Ba4 Rfb8 23. Rc7 R8b7 24. Rec1 Rxc7 25. Rxc7 a6 26. f3 Rb2 27. Kf2 Rb6 28. Bb3 d5 29. h4 Kf8 30. Ke3 Ne8 31. Ra7 Nd6 32. h5 Nb5 33. Rd7 Rc6 34. Rb7 h6 35. Kd3 Rc3+ 36. Kd2 Rc7 37. Rb8+ Kf7 38. e3 Kf6 39. Rb6 Ra7 40. Bxd5 Nc7 41. Bxe6 1-0

[Event "Cheliabinsk Sveshnikov 60 op"]
[Site "Cheliabinsk"]
[Date "2010.03.03"]
[Round "8"]
[White "Popov, Sergei"]
[Black "Khazhipov, Timur"]
[Result "0-1"]
[WhiteElo "1955"]
[BlackElo "1954"]
[PlyCount "64"]
[EventDate "2010.02.24"]
[EventType "swiss"]
[EventRounds "9"]
[EventCountry "RUS"]
[SourceTitle "EXT 2012"]
[Source "ChessBase"]
[SourceDate "2011.11.24"]
[SourceVersion "1"]
[SourceVersionDate "2011.11.24"]
[SourceQuality "1"]

1. d4 d5 2. Nf3 Nf6 3. e3 e6 4. Bd3 c5 5. c3 Nc6 6. Ne5 Nxe5 7. dxe5 Nd7 8. f4 Qh4+ 9. g3 Qd8 10. 0-0 b6 11. Nd2 h5 12. Nf3 Qc7 13. e4 c4 14. Bc2 Bc5+ 15. Nd4 Bb7 16. Qe2 h4 17. g4 0-0-0 18. exd5 exd5 19. Be3 a6 20. h3 Rde8 21. b4 cxb3 22. axb3 g5 23. Bf5 Kd8 24. e6 Bxd4 25. Bxd4 fxe6 26. Bxe6 Rh6 27. f5 Nc5 28. Bxc5 Qxc5+ 29. Qf2 Qxf2+ 30. Kxf2 Rf6 31. Rfe1 Kc7 32. Red1 Rexe6 0-1

[Event "Cheliabinsk Sveshnikov 60 op"]
[Site "Cheliabinsk"]
[Date "2010.02.28"]
[Round "5"]
[White "Shnayder, Violetta"]
[Black "Popov, Sergei"]
[Result "1-0"]
[WhiteElo "1876"]
[BlackElo "1955"]
[PlyCount "73"]
[EventDate "2010.02.24"]
[EventType "swiss"]
[EventRounds "9"]
[EventCountry "RUS"]
[SourceTitle "EXT 2012"]
[Source "ChessBase"]
[SourceDate "2011.11.24"]
[SourceVersion "1"]
[SourceVersionDate "2011.11.24"]
[SourceQuality "1"]

1. e4 e6 2. d4 d5 3. e5 c5 4. c3 Nc6 5. Nf3 cxd4 6. cxd4 Bd7 7. Nc3 a6 8. a3 Nge7 9. Bd3 Qb6 10. Bc2 Ng6 11. 0-0 Be7 12. b4 Rc8 13. Na4 Qa7 14. Nc5 b6 15. Nxd7 Qxd7 16. Be3 f5 17. exf6 Bxf6 18. Bxg6+ hxg6 19. Qd3 b5 20. Qxg6+ Qf7 21. Qxf7+ Kxf7 22. Rac1 Ne7 23. Ne5+ Bxe5 24. dxe5 Rc4 25. f4 g6 26. Bc5 Rh4 27. g3 Rh8 28. Kg2 Nf5 29. g4 Nh4+ 30. Kg3 Re4 31. Bf2 g5 32. fxg5 Kg6 33. Rce1 Kxg5 34. Rxe4 dxe4 35. Be3+ Kg6 36. Rf6+ Kg7 37. Bh6+ 1-0

[Event "Cheliabinsk Sveshnikov 60 op"]
[Site "Cheliabinsk"]
[Date "2010.02.27"]
[Round "4"]
[White "Popov, Sergei"]
[Black "Pivovarov, Michail"]
[Result "1-0"]
[WhiteElo "1955"]
[BlackElo "1930"]
[PlyCount "73"]
[EventDate "2010.02.24"]
[EventType "swiss"]
[EventRounds "9"]
[EventCountry "RUS"]
[SourceTitle "EXT 2012"]
[Source "ChessBase"]
[SourceDate "2011.11.24"]
[SourceVersion "1"]
[SourceVersionDate "2011.11.24"]
[SourceQuality "1"]

1. e4 d5 2. exd5 Nf6 3. d4 Nxd5 4. c4 Nf6 5. Nc3 e6 6. Nf3 b6 7. Be2 Bb7 8. 0-0 Be7 9. Ne5 0-0 10. Be3 Nbd7 11. Bf3 Bxf3 12. Qxf3 Nxe5 13. dxe5 Nd7 14. Qe4 Nc5 15. Bxc5 Bxc5 16. Rad1 Qg5 17. h4 Qh5 18. Rd7 Rad8 19. Rfd1 Rxd7 20. Rxd7 g6 21. Qf4 f6 22. exf6 Bd6 23. Qg5 Rf7 24. Rd8+ Rf8 25. Rxf8+ Kxf8 26. g4 Qxg5 27. hxg5 Be5 28. Kg2 h6 29. gxh6 Bxf6 30. f4 a6 31. g5 Bd4 32. Kf3 Kg8 33. Ke4 Bh8 34. Nd1 Kf7 35. b3 Ke7 36. Ne3 Kd6 37. Ng4 1-0

[Event "Cheliabinsk Sveshnikov 60 op"]
[Site "Cheliabinsk"]
[Date "2010.02.26"]
[Round "3"]
[White "Polykovskaya, Olga"]
[Black "Popov, Sergei"]
[Result "1-0"]
[WhiteElo "1678"]
[BlackElo "1955"]
[PlyCount "43"]
[EventDate "2010.02.24"]
[EventType "swiss"]
[EventRounds "9"]
[EventCountry "RUS"]
[SourceTitle "EXT 2012"]
[Source "ChessBase"]
[SourceDate "2011.11.24"]
[SourceVersion "1"]
[SourceVersionDate "2011.11.24"]
[SourceQuality "1"]

1. d4 Nf6 2. c4 g6 3. Nc3 Bg7 4. e4 d6 5. Be3 Nbd7 6. Be2 e5 7. Bg5 h6 8. Be3 exd4 9. Bxd4 0-0 10. h4 c6 11. h5 Nxh5 12. Bxg7 Nxg7 13. Rxh6 Nf6 14. Qd2 Re8 15. Rh1 Be6 16. Qh6 Ngh5 17. Bxh5 Nxh5 18. Nge2 Qc7 19. Ng3 Qe7 20. Rxh5 gxh5 21. Nxh5 f5 22. Qg6+ 1-0

[Event "Cheliabinsk-ch 1L op"]
[Site "Cheliabinsk"]
[Date "2010.01.28"]
[Round "7"]
[White "Lukin, Vasily"]
[Black "Popov, Sergei"]
[Result "0-1"]
[WhiteElo "1719"]
[BlackElo "1955"]
[PlyCount "30"]
[EventDate "2010.01.??"]
[EventType "swiss"]
[EventRounds "9"]
[EventCountry "RUS"]
[SourceTitle "EXT 2012"]
[Source "ChessBase"]
[SourceDate "2011.11.24"]
[SourceVersion "1"]
[SourceVersionDate "2011.11.24"]
[SourceQuality "1"]

1. d4 d5 2. c4 e6 3. e3 Nf6 4. Nc3 Bb4 5. Bd2 0-0 6. Qb3 Nc6 7. Bd3 e5 8. Nge2 exd4 9. exd4 dxc4 10. Bxc4 a5 11. Be3 Ng4 12. 0-0 Bd6 13. Ng3 Qh4 14. h3 Nxe3 15. fxe3 Qxg3 0-1

[Event "Cheliabinsk-ch 1L op"]
[Site "Cheliabinsk"]
[Date "2010.01.21"]
[Round "5"]
[White "Inyakin, Gennady"]
[Black "Popov, Sergei"]
[Result "1-0"]
[WhiteElo "1768"]
[BlackElo "1955"]
[PlyCount "63"]
[EventDate "2010.01.??"]
[EventType "swiss"]
[EventRounds "9"]
[EventCountry "RUS"]
[SourceTitle "EXT 2012"]
[Source "ChessBase"]
[SourceDate "2011.11.24"]
[SourceVersion "1"]
[SourceVersionDate "2011.11.24"]
[SourceQuality "1"]

1. e4 c5 2. Nf3 d6 3. d4 cxd4 4. Nxd4 Nf6 5. Nc3 a6 6. Bd3 Nc6 7. Be3 Ng4 8. Nxc6 Nxe3 9. Nxd8 Nxd1 10. Nxf7 Nxc3 11. Nxh8 Na4 12. b3 Nc5 13. f4 g6 14. Rd1 Nxd3+ 15. cxd3 Bg7 16. Nxg6 hxg6 17. d4 Bg4 18. Rd3 Rc8 19. Kd2 d5 20. e5 Bf5 21. Rc3 Rxc3 22. Kxc3 Be4 23. Rg1 e6 24. g4 Kf7 25. Kd2 Bf8 26. Rc1 b5 27. Rc7+ Be7 28. Ra7 a5 29. Ke2 b4 30. Rxa5 Bb1 31. Kd2 Kf8 32. g5 1-0

[Event "Cheliabinsk Region CC-ch sf"]
[Site "Cheliabinsk"]
[Date "2010.??.??"]
[Round "3"]
[White "Popov, Sergei"]
[Black "Protasov, Valery"]
[Result "1-0"]
[WhiteElo "1921"]
[BlackElo "1820"]
[PlyCount "53"]
[EventDate "2010.??.??"]
[EventType "swiss"]
[EventRounds "9"]
[EventCountry "RUS"]
[SourceTitle "EXT 2012"]
[Source "ChessBase"]
[SourceDate "2011.11.24"]
[SourceVersion "1"]
[SourceVersionDate "2011.11.24"]
[SourceQuality "1"]

1. d4 e6 2. c4 Nf6 3. Nc3 Bb4 4. a3 Bxc3+ 5. bxc3 b6 6. f3 d5 7. e3 Nh5 8. Qc2 Qh4+ 9. Qf2 Qxf2+ 10. Kxf2 Bb7 11. a4 Nd7 12. Nh3 Nhf6 13. Be2 c5 14. Bd2 0-0 15. a5 Rfd8 16. Ra2 e5 17. cxd5 exd4 18. e4 dxc3 19. Bxc3 Ne8 20. Nf4 h6 21. g4 g5 22. Nh5 Kh7 23. h4 Kg6 24. hxg5 hxg5 25. Bd3 f6 26. e5+ Kf7 27. e6+ 1-0

[Event "Cheliabinsk Winter op"]
[Site "Cheliabinsk"]
[Date "2009.12.??"]
[Round "6"]
[White "Krapivin, Viktor"]
[Black "Popov, Sergei"]
[Result "1-0"]
[WhiteElo "1952"]
[BlackElo "1944"]
[PlyCount "57"]
[EventDate "2009.11.30"]
[EventType "swiss"]
[EventRounds "9"]
[EventCountry "RUS"]
[SourceTitle "EXT 2012"]
[Source "ChessBase"]
[SourceDate "2011.11.24"]
[SourceVersion "1"]
[SourceVersionDate "2011.11.24"]
[SourceQuality "1"]

1. e4 e5 2. Nf3 Nc6 3. Bb5 a6 4. Ba4 b5 5. Bb3 Be7 6. 0-0 Nf6 7. Re1 d6 8. c3 Bg4 9. h3 Bh5 10. d3 0-0 11. Nbd2 Na5 12. Bc2 c5 13. Nf1 Qc7 14. Ng3 Bg6 15. Nh4 d5 16. Nxg6 fxg6 17. exd5 Nxd5 18. Qe2 Bf6 19. Ne4 Kh8 20. Nxf6 gxf6 21. Bh6 Rg8 22. Bd2 c4 23. d4 exd4 24. cxd4 b4 25. Be4 Rad8 26. Bxd5 Rxd5 27. Bxb4 Rf5 28. Qe6 Rf8 29. Rad1 1-0

[Event "Cheliabinsk Winter op"]
[Site "Cheliabinsk"]
[Date "2009.11.30"]
[Round "2"]
[White "Popov, Sergei"]
[Black "Lefebr, Vladislav"]
[Result "0-1"]
[WhiteElo "1944"]
[BlackElo "2111"]
[PlyCount "52"]
[EventDate "2009.11.30"]
[EventType "swiss"]
[EventRounds "9"]
[EventCountry "RUS"]
[SourceTitle "EXT 2012"]
[Source "ChessBase"]
[SourceDate "2011.11.24"]
[SourceVersion "1"]
[SourceVersionDate "2011.11.24"]
[SourceQuality "1"]

1. d4 d5 2. c4 e5 3. dxe5 d4 4. Nf3 Nc6 5. g3 Bg4 6. Bg2 Qd7 7. 0-0 Nge7 8. a3 Ng6 9. b4 Rd8 10. Bg5 Be7 11. Bxe7 Ncxe7 12. Nbd2 0-0 13. Qb3 Nc6 14. Ne4 Qf5 15. Nc5 b6 16. Nd3 Bxf3 17. exf3 Ncxe5 18. Nxe5 Nxe5 19. f4 Qd3 20. Qxd3 Nxd3 21. Be4 Nb2 22. Bd5 c5 23. b5 Rfe8 24. Rfe1 d3 25. Red1 Re2 26. Rxd3 Nxd3 0-1

[Event "Cheliabinsk op 02"]
[Site "Cheliabinsk"]
[Date "2009.03.08"]
[Round "9"]
[White "Kataev, Yury"]
[Black "Popov, Sergei"]
[Result "0-1"]
[WhiteElo "1671"]
[BlackElo "1931"]
[PlyCount "90"]
[EventDate "2009.02.28"]
[EventType "swiss"]
[EventRounds "9"]
[EventCountry "RUS"]
[SourceTitle "CBM 129 Extra"]
[Source "ChessBase"]
[SourceDate "2009.05.05"]
[SourceVersion "2"]
[SourceVersionDate "2009.05.20"]
[SourceQuality "1"]

1. c4 c5 2. g3 Nf6 3. Bg2 Nc6 4. Nc3 e5 5. Nf3 d6 6. 0-0 Be7 7. a3 0-0 8. Rb1 Be6 9. d3 Nh5 10. b4 cxb4 11. axb4 a5 12. bxa5 Nxa5 13. Nd2 Rb8 14. Nd5 Bg5 15. Ba3 g6 16. Ne4 Bxd5 17. Nxg5 Bxg2 18. Nxf7 Rxf7 19. Kxg2 Qd7 20. Rb6 Nc6 21. h3 Ra8 22. Bb2 Qc7 23. Qb3 Nf6 24. Rb1 Nd7 25. Rxb7 Na5 26. Rxc7 Nxb3 27. Bc3 Nbc5 28. Rc6 Ra2 29. Rb2 Rxb2 30. Bxb2 Nb7 31. e3 Ndc5 32. Rc8+ Kg7 33. f4 Nxd3 34. Bc3 Kf6 35. Kf3 Nbc5 36. Ke2 Kf5 37. g4+ Ke4 38. Rd8 Rd7 39. Re8 Ra7 40. fxe5 Ra2+ 41. Bd2 Nxe5 42. Rd8 Nxc4 43. Re8+ Kd5 44. Rh8 Nxd2 45. Rxh7 Nde4+ 0-1